[Event "?"]
[Site "?"]
[Date "????.??.??"]
[Round "?"]
[White "Wilson, P."]
[Black "Winter, K."]
[Result "0-1"]
[WhiteElo "1995"]
[BlackElo "2077"]
[PlyCount "117"]
[EventDate "2010.??.??"]
[WhiteTeam "England 2"]
[BlackTeam "SV TuR Dresden"]

1. f4 d5 2. e3 Bf5 3. Nf3 e6 4. d4 Nf6 5. c3 Nbd7 6. Bd3 Ne4 7. O-O Be7 8. Nbd2
Nxc3 9. Qc2 Ne2+ 10. Kf2 Bxd3 11. Qc3 Nxc1 12. Rfxc1 c6 13. Qb3 Rb8 14. g3 O-O
15. h4 Qa5 16. Qxd3 Nf6 17. Ne5 Qxd2+ 18. Qxd2 Ne4+ 19. Ke2 Nxd2 20. Kxd2 Rfd8
21. a3 f6 22. Nd3 Kf7 23. Rc2 Bd6 24. Rac1 Re8 25. Rf1 Kg8 26. b4 e5 27. fxe5
fxe5 28. dxe5 Bxe5 29. Nxe5 Rxe5 30. Kd3 Rbe8 31. Rf3 Rf8 32. Rxf8+ Kxf8 33. b5
Re6 34. Kd4 Ke7 35. bxc6 bxc6 36. Rb2 Re4+ 37. Kd3 Kd6 38. Rb7 Re7 39. Rb8 c5
40. Rc8 Rc7 41. Kc2 Rb7 42. Rd8+ Ke6 43. Re8+ Re7 44. Rc8 c4 45. Kc3 Ke5 46.
Rf8 Ke4 47. Kd2 c3+ 48. Kxc3 Kxe3 49. Rf1 Rc7+ 50. Kb2 d4 51. Rf8 d3 52. Re8+
Kd2 53. Rd8 Rb7+ 54. Ka2 Kc2 55. Rc8+ Kd1 56. Rd8 d2 57. Rd6 Re7 58. Rd5 Kc1
59. Rd8 0-1

[Event "?"]
[Site "?"]
[Date "????.??.??"]
[Round "?"]
[White "Appelt, G."]
[Black "Wood, P."]
[Result "1-0"]
[WhiteElo "2065"]
[BlackElo "1904"]
[PlyCount "67"]
[EventDate "2010.??.??"]
[WhiteTeam "SV TuR Dresden"]
[BlackTeam "England 2"]

1. e4 e6 2. d4 d5 3. e5 Qd7 4. f4 b6 5. Nf3 Ba6 6. Bxa6 Nxa6 7. Qe2 Nb8 8. Be3
Ne7 9. O-O h5 10. Nh4 g6 11. Nd2 Nf5 12. Nxf5 gxf5 13. Rf3 Nc6 14. Rh3 h4 15.
Bf2 Be7 16. Nf3 O-O-O 17. Rd1 Rdg8 18. Bxh4 Rg4 19. Bg3 Rxh3 20. gxh3 Rg7 21.
Kf2 Qd8 22. h4 Rg4 23. Ng5 Bxg5 24. hxg5 Qh8 25. Qf1 Rh4 26. Bxh4 Qxh4+ 27. Kg1
Ne7 28. Rd3 Ng6 29. Rf3 Qg4+ 30. Qg2 Nxf4 31. Qxg4 Ne2+ 32. Kf2 fxg4 33. Rxf7
Nxd4 34. g6 1-0

[Event "?"]
[Site "?"]
[Date "????.??.??"]
[Round "?"]
[White "Scowen, R."]
[Black "Seibt, M."]
[Result "0-1"]
[WhiteElo "1990"]
[BlackElo "2016"]
[PlyCount "70"]
[EventDate "2010.??.??"]
[WhiteTeam "England 2"]
[BlackTeam "SV TuR Dresden"]

1. e4 e5 2. Nf3 Nc6 3. Bc4 Bc5 4. d3 Nf6 5. O-O d6 6. Be3 Bxe3 7. fxe3 Be6 8.
Bb3 Bxb3 9. axb3 O-O 10. Nc3 d5 11. Ng5 h6 12. exd5 Nxd5 13. Nge4 Nxe3 14. Nf6+
Qxf6 15. Rxf6 Nxd1 16. Rxc6 bxc6 17. Rxd1 Rfd8 18. Kf2 a5 19. Ke3 f6 20. Ra1
Kf7 21. Ne4 Ke7 22. Nd2 Rdb8 23. Nc4 Kd7 24. Rxa5 Rxa5 25. Nxa5 Ra8 26. Nc4 Ke6
27. Kf3 f5 28. Ne3 g5 29. Nc4 h5 30. Ke3 Ra1 31. Ke2 Rc1 32. Na3 g4 33. Kf2 h4
34. c3 Rd1 35. Ke2 Rh1 0-1

[Event "?"]
[Site "?"]
[Date "????.??.??"]
[Round "?"]
[White "Olesen, P."]
[Black "Ofstad, P."]
[Result "0-1"]
[WhiteElo "2082"]
[BlackElo "2187"]
[PlyCount "80"]
[EventDate "2010.??.??"]
[WhiteTeam "Dänemark 2"]
[BlackTeam "Norwegen Ost"]

1. e4 e5 2. Bc4 Nc6 3. Nf3 Nf6 4. d3 Be7 5. O-O d6 6. c3 O-O 7. Re1 Bg4 8. Nbd2
Qd7 9. h3 Bh5 10. b4 a6 11. Nf1 d5 12. exd5 Nxd5 13. Nxe5 Nxe5 14. Qxh5 Nxc4
15. dxc4 Nxc3 16. Bb2 Bf6 17. Qf3 Ne4 18. Bxf6 Nxf6 19. Qxb7 Rab8 20. Qxa6 Rxb4
21. Ne3 h6 22. Rad1 Qa4 23. Qxa4 Rxa4 24. Rd2 Re8 25. Rb1 Ne4 26. Rc2 Nc5 27.
Nd5 c6 28. Ne3 Rea8 29. Rb6 Ne6 30. Rd2 c5 31. Rbb2 Nd4 32. Kf1 f5 33. f4 Re8
34. Nc2 Rxc4 35. Nxd4 cxd4 36. Rb3 g6 37. Re2 Re4 38. Rxe4 d3 39. Re3 Rc1+ 40.
Kf2 d2 0-1

[Event "?"]
[Site "?"]
[Date "????.??.??"]
[Round "?"]
[White "Nordby, B."]
[Black "Schutze, H."]
[Result "0-1"]
[WhiteElo "2128"]
[BlackElo "2086"]
[PlyCount "72"]
[EventDate "2010.??.??"]
[WhiteTeam "Norwegen Ost"]
[BlackTeam "Dänemark 2"]

1. d4 Nf6 2. Nf3 e6 3. c4 c5 4. e3 b6 5. Bd3 d6 6. Nc3 a6 7. O-O Qc7 8. b3 Be7
9. Bb2 O-O 10. Qe2 Nc6 11. Rad1 Bb7 12. Bb1 Rfe8 13. d5 Nb8 14. Qc2 e5 15. Nd2
Nbd7 16. f4 g6 17. f5 Qd8 18. Nde4 Bc8 19. Qe2 Ra7 20. Rf2 Nxe4 21. Nxe4 Nf6
22. Rdf1 Rf8 23. g3 Nxe4 24. Bxe4 Bf6 25. Qd3 Kg7 26. Bc3 b5 27. h4 b4 28. Bd2
a5 29. Rh2 a4 30. fxg6 fxg6 31. h5 axb3 32. hxg6 h6 33. axb3 Bg5 34. Rxf8 Qxf8
35. Rf2 Ra1+ 36. Kh2 Qxf2+ 0-1

[Event "?"]
[Site "?"]
[Date "????.??.??"]
[Round "?"]
[White "Nilsen, K."]
[Black "Poulsen, H."]
[Result "0-1"]
[WhiteElo "1864"]
[BlackElo "1891"]
[PlyCount "114"]
[EventDate "2010.??.??"]
[WhiteTeam "Norwegen Ost"]
[BlackTeam "Dänemark 2"]

1. e4 c6 2. d4 d5 3. Nc3 dxe4 4. Nxe4 Bf5 5. Ng3 Bg6 6. Nf3 Nd7 7. h4 h6 8. h5
Bh7 9. Bd3 Bxd3 10. Qxd3 e6 11. c3 Ngf6 12. Be3 Qc7 13. O-O-O Bd6 14. Ne2 O-O-O
15. Qc2 Nd5 16. g3 N7f6 17. Rh4 Nxe3 18. fxe3 Bxg3 19. Nxg3 Qxg3 20. Qe2 Qc7
21. Rg1 Rhg8 22. e4 Qe7 23. e5 Nh7 24. Rhg4 f6 25. exf6 Nxf6 26. Rg6 Rd5 27.
Ne5 c5 28. Qf2 cxd4 29. cxd4 Nxh5 30. Qf3 Qh4 31. Qf7 Rgd8 32. Qxe6+ Kb8 33.
Qg4 Rxd4 34. Qxh4 Rxh4 35. Nf3 Rf4 36. Ne5 Rf5 37. Ng4 Rc5+ 38. Kb1 Rd7 39. a3
Nf4 40. b4 Rcd5 41. Ne3 Nxg6 42. Nxd5 Rxd5 43. Rxg6 Rd7 44. Kc2 Kc8 45. Kc3 Kd8
46. Kc4 Ke8 47. a4 Kf7 48. Rg1 g5 49. Kc5 Kf6 50. a5 h5 51. b5 h4 52. a6 h3 53.
axb7 Rxb7 54. Kc6 Rb6+ 55. Kc5 Kf5 56. Ra1 Rb7 57. Kc6 Rh7 0-1

[Event "?"]
[Site "?"]
[Date "????.??.??"]
[Round "?"]
[White "Goerden, H."]
[Black "Seyffer, G."]
[Result "1/2-1/2"]
[WhiteElo "1835"]
[BlackElo "2048"]
[PlyCount "53"]
[EventDate "2010.??.??"]
[WhiteTeam "Widukind 2"]
[BlackTeam "Stiftg BSW/DBAG 3"]

1. e4 e6 2. d4 d5 3. exd5 exd5 4. Bd3 Nf6 5. Bg5 Bd6 6. Nc3 c6 7. Qe2+ Be6 8.
Nf3 O-O 9. O-O Bg4 10. Rae1 Nbd7 11. h3 Bh5 12. g4 Bg6 13. Ne5 Qc7 14. Nxd7
Nxd7 15. Bxg6 hxg6 16. Be7 Bh2+ 17. Kg2 Rfe8 18. Qd2 Bf4 19. Qd1 g5 20. Ba3 Nf6
21. Rxe8+ Rxe8 22. Re1 Rxe1 23. Qxe1 Bd6 24. Bxd6 Qxd6 25. Qe3 Qf4 26. Qxf4
gxf4 27. f3 1/2-1/2

[Event "?"]
[Site "?"]
[Date "????.??.??"]
[Round "?"]
[White "Nettesheim, K.W."]
[Black "Kluger, H.P."]
[Result "1/2-1/2"]
[WhiteElo "1920"]
[BlackElo "1960"]
[PlyCount "57"]
[EventDate "2010.??.??"]
[WhiteTeam "Stiftg BSW/DBAG 3"]
[BlackTeam "Widukind 2"]

1. e4 c6 2. d4 d5 3. Nc3 dxe4 4. Nxe4 Bf5 5. Ng3 Bg6 6. h4 h6 7. Nf3 Nd7 8. Bd3
Bxd3 9. Qxd3 e6 10. Bf4 Ngf6 11. O-O Be7 12. c4 a6 13. Rfe1 O-O 14. Rad1 Rc8
15. Be5 Ng4 16. Qe4 Ngf6 17. Bxf6 Nxf6 18. Qc2 Bb4 19. Re3 Bd6 20. Ne4 Ng4 21.
Re2 Be7 22. g3 Qa5 23. Nc3 Qh5 24. Ne5 Rfe8 25. Nxg4 Qxg4 26. Qe4 Qh5 27. Qe5
Qg6 28. Qe4 Qh5 29. Qe5 1/2-1/2

[Event "?"]
[Site "?"]
[Date "????.??.??"]
[Round "?"]
[White "Hentzschel, E."]
[Black "Seyffarth, R."]
[Result "1/2-1/2"]
[WhiteElo "1947"]
[BlackElo "1983"]
[PlyCount "69"]
[EventDate "2010.??.??"]
[WhiteTeam "Widukind 2"]
[BlackTeam "Stiftg BSW/DBAG 3"]

1. e4 e6 2. d4 d5 3. exd5 exd5 4. Bd3 Nf6 5. Nf3 Be7 6. Ne5 O-O 7. O-O Re8 8.
Bg5 Nbd7 9. Nc3 c6 10. Re1 Nf8 11. Ne2 N6d7 12. Bxe7 Rxe7 13. Nxd7 Bxd7 14. Qd2
Qc7 15. Ng3 Rae8 16. c3 f6 17. Kf1 Rxe1+ 18. Rxe1 Rxe1+ 19. Qxe1 Kf7 20. Qe3 g6
21. Qh6 Qa5 22. a3 c5 23. dxc5 Qxc5 24. Ne2 Bb5 25. Qd2 Ne6 26. Bxb5 Qxb5 27.
g3 Qc4 28. Kg2 g5 29. f3 h6 30. Qc2 Kg8 31. b3 Qc6 32. Qd2 Qc5 33. a4 a6 34.
Qd3 b5 35. axb5 1/2-1/2

[Event "?"]
[Site "?"]
[Date "????.??.??"]
[Round "?"]
[White "Johannsen, I."]
[Black "Palmo, P."]
[Result "1-0"]
[WhiteElo "2071"]
[BlackElo "2080"]
[PlyCount "133"]
[EventDate "2010.??.??"]
[WhiteTeam "Störtebeker"]
[BlackTeam "Turku"]

1. e4 e6 2. d4 d5 3. exd5 Qxd5 4. Nf3 Nf6 5. Be2 c5 6. O-O Nc6 7. Nc3 Qd8 8.
Bf4 a6 9. dxc5 Qxd1 10. Raxd1 Bxc5 11. Na4 Ba7 12. Bd6 Ne4 13. Bc7 b5 14. Nb6
Bxb6 15. Bxb6 Rb8 16. Bc7 Rb7 17. Bf4 O-O 18. Bd3 Nf6 19. c3 Rd7 20. Bg5 Rfd8
21. Bxf6 gxf6 22. Bc2 Bb7 23. Rxd7 Rxd7 24. Rd1 Rxd1+ 25. Bxd1 Kf8 26. Kf1 Ke7
27. g3 Kd6 28. Ke1 Ne5 29. Nxe5 fxe5 30. Kd2 f6 31. b4 Bd5 32. a4 Bc4 33. a5
Bd5 34. Ke3 Bc4 35. Bc2 h6 36. Be4 Bd5 37. Bd3 Bb3 38. h4 Bd5 39. g4 Kc6 40.
Be2 Kd6 41. Bf1 Kc6 42. Bd3 Kd6 43. Be4 Kc6 44. Bg6 Kd6 45. f3 Ke7 46. Be4 Kd6
47. Kf2 Kc6 48. g5 fxg5 49. hxg5 hxg5 50. Kg3 Kd6 51. Kg4 Ke7 52. Kxg5 Kd7 53.
Kg6 Ke7 54. Kg7 Kd7 55. Kf7 Kc6 56. Ke8 Kc7 57. Ke7 Bc4 58. Kf6 Kd6 59. Bb7 Bd5
60. Bxa6 Bxf3 61. Bxb5 e4 62. a6 e3 63. a7 Kc7 64. Be2 Bg2 65. Kxe6 Kb7 66. Ke5
Kxa7 67. Kd4 1-0

[Event "?"]
[Site "?"]
[Date "????.??.??"]
[Round "?"]
[White "Alkkiomaki, J."]
[Black "Mewes, H."]
[Result "1/2-1/2"]
[WhiteElo "2041"]
[BlackElo "1924"]
[PlyCount "32"]
[EventDate "2010.??.??"]
[WhiteTeam "Turku"]
[BlackTeam "Störtebeker"]

1. e4 c5 2. Nf3 d6 3. d4 cxd4 4. Nxd4 Nf6 5. Nc3 a6 6. Bg5 e6 7. f4 Be7 8. Qf3
Qc7 9. O-O-O Nc6 10. Nxc6 Qxc6 11. Bd3 b5 12. Qh3 b4 13. Ne2 e5 14. f5 Bb7 15.
Bxf6 Bxf6 16. g4 a5 1/2-1/2

[Event "?"]
[Site "?"]
[Date "????.??.??"]
[Round "?"]
[White "Buck, K."]
[Black "Lehtosaari, K."]
[Result "0-1"]
[WhiteElo "1835"]
[BlackElo "2029"]
[PlyCount "56"]
[EventDate "2010.??.??"]
[WhiteTeam "Störtebeker"]
[BlackTeam "Turku"]

1. b4 d5 2. Bb2 c6 3. e3 Nd7 4. a4 e5 5. b5 Ngf6 6. c4 Bd6 7. h3 O-O 8. Nf3 Qe7
9. Be2 Nb6 10. Qc2 e4 11. Nd4 c5 12. Nb3 Be6 13. Na5 Rac8 14. Na3 Bb8 15. cxd5
Nbxd5 16. N5c4 Rfd8 17. Qb1 Nb4 18. Bc3 Nd3+ 19. Bxd3 Rxd3 20. Qb2 Rd5 21. b6
a6 22. a5 Rcd8 23. O-O Rg5 24. f4 exf3 25. Rxf3 Bxc4 26. Bxf6 gxf6 27. Qxf6
Rxg2+ 28. Kxg2 Qxf6 0-1

[Event "?"]
[Site "?"]
[Date "????.??.??"]
[Round "?"]
[White "Ranki, M."]
[Black "Schneider, M."]
[Result "1/2-1/2"]
[WhiteElo "1927"]
[BlackElo "1995"]
[PlyCount "26"]
[EventDate "2010.??.??"]
[WhiteTeam "Turku"]
[BlackTeam "Störtebeker"]

1. e4 e5 2. Nf3 d6 3. h3 Nf6 4. Nc3 Be7 5. Be2 O-O 6. O-O Nc6 7. d4 exd4 8.
Nxd4 Nxd4 9. Qxd4 c6 10. Bf4 Be6 11. Bf3 d5 12. exd5 Nxd5 13. Nxd5 Bxd5 1/2-1/2

[Event "?"]
[Site "?"]
[Date "????.??.??"]
[Round "?"]
[White "Svenske, J."]
[Black "Koksch, G."]
[Result "0-1"]
[WhiteElo "1844"]
[BlackElo "2104"]
[PlyCount "52"]
[EventDate "2010.??.??"]
[WhiteTeam "Arctic Team"]
[BlackTeam "Stiftg BSW/DBAG 2"]

1. e4 e6 2. d4 d5 3. Nc3 Bb4 4. e5 c5 5. a3 Ba5 6. Bb5+ Nc6 7. Bxc6+ bxc6 8.
Nf3 cxd4 9. b4 dxc3 10. bxa5 c5 11. O-O Ba6 12. Re1 Qxa5 13. a4 Ne7 14. Ng5 h6
15. Nh3 Rb8 16. Ba3 O-O 17. g4 d4 18. g5 Nf5 19. gxh6 gxh6 20. Qh5 Kh8 21. Kh1
Bb7+ 22. f3 Rg8 23. Bc1 Qd8 24. Bxh6 Qh4 25. Qxh4 Nxh4 26. Bg5 Nxf3 0-1

[Event "?"]
[Site "?"]
[Date "????.??.??"]
[Round "?"]
[White "Neubert, G."]
[Black "Flotten, E."]
[Result "1/2-1/2"]
[WhiteElo "1997"]
[BlackElo "1794"]
[PlyCount "26"]
[EventDate "2010.??.??"]
[WhiteTeam "Stiftg BSW/DBAG 2"]
[BlackTeam "Arctic Team"]

1. d4 Nf6 2. Nf3 d5 3. e3 c6 4. Bd3 Bg4 5. Nbd2 e6 6. c4 dxc4 7. Bxc4 Bb4 8.
O-O O-O 9. a3 Ba5 10. b4 Bc7 11. Bb2 Qd6 12. Qc2 Qd7 13. Bd3 Bf5 1/2-1/2

[Event "?"]
[Site "?"]
[Date "????.??.??"]
[Round "?"]
[White "Pamperin, G."]
[Black "Stavenhagen, J."]
[Result "1/2-1/2"]
[WhiteElo "2007"]
[BlackElo "2011"]
[PlyCount "117"]
[EventDate "2010.??.??"]
[WhiteTeam "Mecklenburg-Vorp 2"]
[BlackTeam "Saxone/1911-BSW"]

1. d4 Nf6 2. c4 c6 3. Nc3 d5 4. e3 Nbd7 5. Nf3 a6 6. c5 Qc7 7. b4 e5 8. dxe5
Nxe5 9. Bb2 Nxf3+ 10. Qxf3 Bg4 11. Qg3 Qxg3 12. hxg3 a5 13. a3 axb4 14. axb4
Rxa1+ 15. Bxa1 Bf5 16. f3 Be7 17. Ne2 Bd3 18. Kd2 Bc4 19. Nd4 Bxf1 20. Rxf1 g6
21. Bc3 O-O 22. Ra1 Rb8 23. Ra7 Bd8 24. Ne2 Nd7 25. Bd4 Kf8 26. Nc3 Ke8 27. g4
b6 28. Na4 b5 29. Nc3 Rc8 30. e4 dxe4 31. Nxe4 Rc7 32. Nd6+ Ke7 33. Ra8 f6 34.
Kd3 Nf8 35. Nc8+ Ke6 36. Nb6 Be7 37. Kc3 g5 38. Bf2 Ng6 39. Bg3 Nf4 40. Bxf4
gxf4 41. Kd3 f5 42. gxf5+ Kxf5 43. Rc8 Ra7 44. Rxc6 Ra3+ 45. Ke2 Ra2+ 46. Kf1
Bh4 47. Rd6 Rf2+ 48. Kg1 Rb2 49. Rd5+ Ke6 50. Kh2 Bf2 51. Kh3 Rxb4 52. Kg4 Be3
53. Rd6+ Kf7 54. Rd7+ Ke6 55. Rd6+ Kf7 56. Nd5 Bxc5 57. Rf6+ Kg7 58. Rc6 Rd4
59. Nxf4 1/2-1/2

[Event "?"]
[Site "?"]
[Date "????.??.??"]
[Round "?"]
[White "Alter, H."]
[Black "Oldach, E."]
[Result "0-1"]
[WhiteElo "1882"]
[BlackElo "2070"]
[PlyCount "68"]
[EventDate "2010.??.??"]
[WhiteTeam "Saxone/1911-BSW"]
[BlackTeam "Mecklenburg-Vorp 2"]

1. e4 e5 2. Nf3 Nc6 3. d4 exd4 4. Nxd4 Bc5 5. Be3 Qf6 6. c3 Nge7 7. Bc4 Bb6 8.
O-O O-O 9. Qd2 Qg6 10. Bd3 Ne5 11. f3 Nxd3 12. Qxd3 d5 13. Nd2 dxe4 14. Qe2 f5
15. Nc4 Kh8 16. Ne5 Qf6 17. Qc4 Ng6 18. Nxg6+ Qxg6 19. Rae1 Bd7 20. Nc2 Bxe3+
21. Rxe3 Qb6 22. Rb1 Be6 23. Qa4 Rad8 24. Nd4 Bd7 25. Qb4 c5 26. Qxb6 axb6 27.
Ne2 Bb5 28. b3 Bxe2 29. Rxe2 Rd3 30. c4 Rfd8 31. Kf2 Rd2 32. Rb2 Rxe2+ 33. Kxe2
g6 34. g3 Kg7 0-1

[Event "?"]
[Site "?"]
[Date "????.??.??"]
[Round "?"]
[White "Kühn, P."]
[Black "Morgner, S."]
[Result "*"]
[WhiteElo "2019"]
[BlackElo "1870"]
[PlyCount "85"]
[EventDate "2010.??.??"]
[WhiteTeam "Mecklenburg-Vorp 2"]
[BlackTeam "Saxone/1911-BSW"]

1. d4 Nf6 2. c4 d6 3. Nc3 g6 4. e4 Bg7 5. Be2 c6 6. Nf3 Bg4 7. O-O Bxf3 8. Bxf3
Nbd7 9. Be3 O-O 10. Be2 e5 11. d5 c5 12. Qd2 a6 13. a3 Qc7 14. g3 Ne8 15. g4 f6
16. h4 Rf7 17. Bd3 Kf8 18. Ne2 Ke7 19. Ng3 b5 20. Rac1 bxc4 21. Bxc4 Nb6 22.
Ba2 Qd7 23. f3 a5 24. Rc2 Nc7 25. b4 axb4 26. axb4 Rxa2 27. Rxa2 Nc4 28. Qe2
Nxe3 29. Qxe3 cxb4 30. Ra7 Rf8 31. Qb6 Rc8 32. Rc1 Kd8 33. Rc6 Bf8 34. Qxb4 h5
35. Qb6 hxg4 36. fxg4 Qxg4 37. Kg2 Qd7 38. h5 gxh5 39. Nf5 Qh7 40. Rxd6+ Bxd6
41. Qxd6+ Qd7 42. Qxf6+ Ke8 43. Ng7+ *

[Event "?"]
[Site "?"]
[Date "????.??.??"]
[Round "?"]
[White "Zanger, K."]
[Black "Segebarth, B."]
[Result "1/2-1/2"]
[WhiteElo "1811"]
[BlackElo "1930"]
[PlyCount "47"]
[EventDate "2010.??.??"]
[WhiteTeam "Saxone/1911-BSW"]
[BlackTeam "Mecklenburg-Vorp 2"]

1. d4 e6 2. Nf3 f5 3. e3 b6 4. Be2 Nf6 5. b3 Bb4+ 6. c3 Be7 7. Ba3 Bxa3 8. Nxa3
Qe7 9. Nb1 Bb7 10. Nbd2 O-O 11. O-O d6 12. Rc1 Nbd7 13. Ne1 Ne4 14. f3 Ng5 15.
Bd3 Nf6 16. c4 Qe8 17. Qc2 Qg6 18. Kh1 Qh6 19. Rf2 Nh5 20. Kg1 Rf6 21. e4 Nf4
22. d5 Nxd3 23. Nxd3 fxe4 24. Nxe4 1/2-1/2

[Event "?"]
[Site "?"]
[Date "????.??.??"]
[Round "?"]
[White "Scholze, R."]
[Black "Bjorgvik, J."]
[Result "1/2-1/2"]
[WhiteElo "2012"]
[BlackElo "1921"]
[PlyCount "37"]
[EventDate "2010.??.??"]
[WhiteTeam "Stiftg BSW/DBAG 4"]
[BlackTeam "Trondergutan"]

1. d4 d5 2. Nc3 e6 3. e4 Bb4 4. Bd3 c5 5. exd5 Qxd5 6. Bb5+ Bd7 7. Bxd7+ Nxd7
8. Nf3 cxd4 9. Qxd4 Qxd4 10. Nxd4 a6 11. Bd2 Ngf6 12. f3 O-O 13. O-O-O Nb6 14.
Kb1 Nc4 15. Nde2 Nxd2+ 16. Rxd2 Rfd8 17. Rhd1 Rxd2 18. Rxd2 Kf8 19. a3 1/2-1/2

[Event "?"]
[Site "?"]
[Date "????.??.??"]
[Round "?"]
[White "Haugvik, B."]
[Black "Kalmutzki, M."]
[Result "1/2-1/2"]
[WhiteElo "1752"]
[BlackElo "1954"]
[PlyCount "22"]
[EventDate "2010.??.??"]
[WhiteTeam "Trondergutan"]
[BlackTeam "Stiftg BSW/DBAG 4"]

1. e4 c5 2. Nc3 e6 3. g3 d6 4. Bg2 Nf6 5. d3 Be7 6. f4 Nc6 7. Nf3 Qc7 8. O-O a6
9. a4 b6 10. h3 Bb7 11. Be3 d5 1/2-1/2

[Event "?"]
[Site "?"]
[Date "????.??.??"]
[Round "?"]
[White "Warnke, E."]
[Black "Lovaas, T."]
[Result "1/2-1/2"]
[WhiteElo "1821"]
[BlackElo "1394"]
[PlyCount "23"]
[EventDate "2010.??.??"]
[WhiteTeam "Stiftg BSW/DBAG 4"]
[BlackTeam "Trondergutan"]

1. Nf3 Nf6 2. g3 d5 3. Bg2 c5 4. O-O Nc6 5. d3 e6 6. Nbd2 Be7 7. Re1 O-O 8. e4
Qc7 9. c3 dxe4 10. dxe4 e5 11. h3 Bd7 12. Qc2 1/2-1/2

[Event "?"]
[Site "?"]
[Date "????.??.??"]
[Round "?"]
[White "Johansen, B."]
[Black "Gafke, M."]
[Result "1/2-1/2"]
[WhiteElo "1630"]
[BlackElo "1872"]
[PlyCount "33"]
[EventDate "2010.??.??"]
[WhiteTeam "Trondergutan"]
[BlackTeam "Stiftg BSW/DBAG 4"]

1. e4 c5 2. Nc3 d6 3. d4 cxd4 4. Qxd4 Nc6 5. Qe3 Nf6 6. Nf3 g6 7. Bc4 Bg7 8.
O-O O-O 9. Re1 Ng4 10. Qd3 Nge5 11. Nxe5 Nxe5 12. Qe2 Nxc4 13. Qxc4 Be6 14. Nd5
Rc8 15. Qd3 h6 16. c3 Kh7 17. Nf4 1/2-1/2

[Event "?"]
[Site "?"]
[Date "????.??.??"]
[Round "?"]
[White "Flockhart, H."]
[Black "Bisse, V."]
[Result "0-1"]
[WhiteElo "1871"]
[BlackElo "1930"]
[PlyCount "94"]
[EventDate "2010.??.??"]
[WhiteTeam "Schottland 2"]
[BlackTeam "Senioren Dresden 1"]

1. e4 c5 2. Nf3 Nc6 3. c3 e6 4. Be2 Nf6 5. d3 Qc7 6. O-O Be7 7. Re1 Ng4 8. g3
b6 9. d4 Bb7 10. Bf4 d6 11. Na3 a6 12. Nc4 e5 13. Bc1 b5 14. Ne3 Nxe3 15. Bxe3
O-O 16. d5 Nd8 17. g4 Bc8 18. Ng5 f6 19. Nh3 g5 20. f3 h5 21. Nf2 hxg4 22. fxg4
Kg7 23. Nh1 Nf7 24. Ng3 Nh8 25. Nf5+ Bxf5 26. gxf5 Nf7 27. Bg4 Rh8 28. h3 Qb7
29. Qd2 c4 30. Kg2 Bd8 31. Qf2 Rb8 32. a3 Bb6 33. Bxb6 Qxb6 34. Qxb6 Rxb6 35.
Re2 Nd8 36. Rd2 Nb7 37. a4 Nc5 38. axb5 axb5 39. Ra7+ Rb7 40. Rxb7+ Nxb7 41.
Rd1 Ra8 42. b4 cxb3 43. Be2 Ra5 44. Kf3 Nc5 45. Rb1 Ra4 46. Bxb5 Rxe4 47. Rh1
Rf4+ 0-1

[Event "?"]
[Site "?"]
[Date "????.??.??"]
[Round "?"]
[White "Rühle, H."]
[Black "Murphy, G."]
[Result "1-0"]
[WhiteElo "1639"]
[BlackElo "1685"]
[PlyCount "65"]
[EventDate "2010.??.??"]
[WhiteTeam "Senioren Dresden 1"]
[BlackTeam "Schottland 2"]

1. d4 Nf6 2. c4 e6 3. Nf3 d5 4. Nc3 Be7 5. e3 O-O 6. Bd3 Nbd7 7. O-O Re8 8. Qc2
c6 9. e4 dxe4 10. Nxe4 Nxe4 11. Bxe4 Nf6 12. Bd3 h6 13. Rd1 Qc7 14. Ne5 Bd6 15.
Qe2 Bd7 16. g4 c5 17. g5 hxg5 18. Bxg5 cxd4 19. Nxd7 Nxd7 20. Qh5 Nf8 21. Qg4
f5 22. Qxd4 Bxh2+ 23. Kg2 Be5 24. Qe3 g6 25. Rab1 Bg7 26. c5 Rac8 27. Bb5 Re7
28. Bxe7 Qxe7 29. b4 a6 30. Ba4 Bf6 31. Rd6 Qg7 32. Bb3 Be5 33. Rxe6 1-0

[Event "?"]
[Site "?"]
[Date "????.??.??"]
[Round "?"]
[White "Macgilchrist, S."]
[Black "Frenzel, L."]
[Result "1/2-1/2"]
[WhiteElo "1817"]
[BlackElo "1821"]
[PlyCount "27"]
[EventDate "2010.??.??"]
[WhiteTeam "Schottland 2"]
[BlackTeam "Senioren Dresden 1"]

1. e4 c5 2. Nc3 Nc6 3. g3 g6 4. Bg2 Bg7 5. f4 d6 6. Nf3 Nf6 7. O-O O-O 8. d3
Rb8 9. h3 h5 10. Be3 Bd7 11. Qd2 Qc8 12. Ng5 Nh7 13. Kh2 Nxg5 14. fxg5 1/2-1/2

[Event "?"]
[Site "?"]
[Date "????.??.??"]
[Round "?"]
[White "Gäbler, H.W."]
[Black "Macrae, J."]
[Result "1/2-1/2"]
[WhiteElo "1750"]
[BlackElo "1753"]
[PlyCount "38"]
[EventDate "2010.??.??"]
[WhiteTeam "Senioren Dresden 1"]
[BlackTeam "Schottland 2"]

1. d4 d5 2. e3 e6 3. Bd3 Nf6 4. Nf3 Bd6 5. O-O O-O 6. c4 dxc4 7. Bxc4 b6 8. Nc3
a5 9. Re1 Bb4 10. a3 Bxc3 11. bxc3 Ne4 12. Qb3 a4 13. Qc2 Bb7 14. Bd3 f5 15.
Re2 Nd7 16. Ne1 Qf6 17. f3 Nd6 18. Rb1 Rfc8 19. c4 Qe7 1/2-1/2

[Event "?"]
[Site "?"]
[Date "????.??.??"]
[Round "?"]
[White "Wiemann, D."]
[Black "Micheel, P."]
[Result "0-1"]
[WhiteElo "1475"]
[BlackElo "1943"]
[PlyCount "113"]
[EventDate "2010.??.??"]
[WhiteTeam "Heidenau"]
[BlackTeam "Senioren Dresden 2"]

1. e4 e6 2. Nf3 d5 3. c3 dxe4 4. Qa4+ Bd7 5. Qxe4 Bc6 6. Qe3 Nf6 7. Ne5 Be7 8.
Nxc6 Nxc6 9. Bb5 Qd5 10. c4 Qxg2 11. Rf1 Qe4 12. Qxe4 Nxe4 13. Bxc6+ bxc6 14.
Nc3 Nxc3 15. dxc3 O-O-O 16. Be3 a6 17. Ke2 Bf6 18. Rad1 Rxd1 19. Rxd1 Rd8 20.
Rxd8+ Kxd8 21. Kd3 Kd7 22. b4 g6 23. a4 Kc8 24. Bd2 Kb7 25. c5 Be7 26. Kc4 h5
27. Kd4 Bf8 28. Ke4 Bg7 29. Kd3 f5 30. Kc4 Bf6 31. Kd3 g5 32. Ke3 g4 33. Kf4 h4
34. Be1 h3 35. f3 gxf3 36. Kxf3 Be5 37. c4 Bxh2 38. Bg3 Bg1 39. Be5 h2 40. Kg2
h1=Q+ 41. Kxh1 Be3 42. Bc3 a5 43. Kg2 axb4 44. Bxb4 Bd4 45. Kf3 e5 46. Kg3 Ka6
47. Kf3 Bb2 48. Ke3 Bc1+ 49. Kf3 e4+ 50. Ke2 f4 51. Kd1 Bb2 52. Ke2 Bd4 53. Kf1
f3 54. Ke1 e3 55. Kf1 Bb2 56. Ke1 Bc1 57. Kf1 0-1

[Event "?"]
[Site "?"]
[Date "????.??.??"]
[Round "?"]
[White "Dötzel, H."]
[Black "Mann, D."]
[Result "1-0"]
[WhiteElo "1845"]
[BlackElo "1740"]
[PlyCount "49"]
[EventDate "2010.??.??"]
[WhiteTeam "Senioren Dresden 2"]
[BlackTeam "Heidenau"]

1. e4 d5 2. exd5 Qxd5 3. Nc3 Qa5 4. d4 c6 5. Nf3 Nf6 6. Bd2 e6 7. Bd3 Nbd7 8.
O-O Qc7 9. Re1 Be7 10. Bg5 Nb6 11. a4 Nfd5 12. Nxd5 Nxd5 13. Bxe7 Nxe7 14. c4
f6 15. Qc2 Bd7 16. b4 O-O-O 17. Qb2 Nf5 18. a5 Kb8 19. h3 Rhe8 20. Rac1 Bc8 21.
b5 Qxa5 22. Bxf5 exf5 23. bxc6 b6 24. Ra1 Rxe1+ 25. Nxe1 1-0

[Event "?"]
[Site "?"]
[Date "????.??.??"]
[Round "?"]
[White "Lauterbach, E."]
[Black "Waldmann, D."]
[Result "1/2-1/2"]
[WhiteElo "1715"]
[BlackElo "1557"]
[PlyCount "52"]
[EventDate "2010.??.??"]
[WhiteTeam "Heidenau"]
[BlackTeam "Senioren Dresden 2"]

1. d4 Nf6 2. c4 e6 3. Nc3 Bb4 4. e3 O-O 5. Bd2 d5 6. Qc2 b6 7. cxd5 Nxd5 8.
Nxd5 Bxd2+ 9. Qxd2 exd5 10. Rc1 Re8 11. Nf3 f6 12. Be2 Bg4 13. h3 Bh5 14. O-O
Re7 15. Nh4 Bxe2 16. Qxe2 c6 17. Nf5 Rc7 18. Qd3 a5 19. a3 Qd7 20. Ng3 Na6 21.
Rfd1 Raa7 22. Ne2 Rc8 23. Nc3 b5 24. Na2 Qd6 25. Qf5 Rac7 26. Qd3 Re8 1/2-1/2

[Event "?"]
[Site "?"]
[Date "????.??.??"]
[Round "?"]
[White "Opl, K."]
[Black "Donchenko, A."]
[Result "1/2-1/2"]
[WhiteElo "2360"]
[BlackElo "2380"]
[PlyCount "84"]
[EventDate "2010.??.??"]
[WhiteTeam "Wien 1"]
[BlackTeam "Hessen 1"]

1. e4 e5 2. Nc3 Nf6 3. f4 d5 4. fxe5 Nxe4 5. d3 Nxc3 6. bxc3 d4 7. Nf3 Nc6 8.
Be2 Bc5 9. O-O dxc3+ 10. Kh1 O-O 11. Qe1 Nd4 12. Bd1 Nxf3 13. Bxf3 Bd4 14. Qg3
Qe7 15. Bf4 a5 16. Rae1 Qe6 17. Re4 c5 18. Bg5 Qg6 19. Qh4 Bf5 20. Rf4 h6 21.
Be7 Qe6 22. Bxb7 g5 23. Bxg5 hxg5 24. Qxg5+ Bg6 25. Bxa8 Qxe5 26. Rf5 Qg7 27.
Be4 Bxf5 28. Qxf5 Re8 29. Bd5 Qf6 30. Bxf7+ Kxf7 31. Qh7+ Ke6 32. Rxf6+ Kxf6
33. Qh6+ Kf7 34. h3 Re6 35. Qh5+ Ke7 36. h4 Re1+ 37. Kh2 Ra1 38. Qd5 Rd1 39. h5
Kf6 40. Qb3 Kg5 41. Qd5+ Kf6 42. Qf3+ Ke7 1/2-1/2